000 00929nam a22003130a 4500
001 PT40118
003 AR-LpoUNG
005 20210131230705.0
008 191001s2005||||ag |||||||||||||||||spa d
020 _a9789870401209
_c$17.20
040 _aAR-LpoUNG
_bspa
_cAR-LpoUNG
_eaacr
041 _aspa
044 _aag
082 0 _a808.068 3 473cha
100 1 _aPescetti, Luis María
245 1 0 _aChat Natacha chat
250 _a1ra. ed., 2da. reimpr.
260 _aBuenos Aires :
_bAlfaguara,
_c2005.
300 _a114 p. :
_bil.
505 0 _aEl inventario LI00045519 fue dado de baja por deterioro ocasionado por la filtración de agua del 20140106.
505 0 _aSugerido a partir de 10 años (etiqueta VIOLETA)
650 4 _aCUENTOS
650 4 _aLITERATURA
651 4 _aDOCUMENTOS TEORICOS O METODOLOGICOS
653 _aLITERATURA INFANTIL
700 1 _aO'Kif-MG
_eil.
905 _a40118
942 _cLIB
999 _c5647
_d5647